100 bí quyết thành công trong cuộc đời

Gespeichert in:
Bibliographische Detailangaben
1. Verfasser: Shimada, Shuchi
Format: Buch
Sprache:Undetermined
Veröffentlicht: Hà Nội Phụ nữ 2000
Schlagworte:
Tags: Tag hinzufügen
Keine Tags, Fügen Sie den ersten Tag hinzu!
Thư viện lưu trữ: Trung tâm Học liệu Trường Đại học Cần Thơ
LEADER 00529nam a2200181Ia 4500
001 CTU_50000
008 210402s9999 xx 000 0 und d
082 |a 158.2 
082 |b S562 
100 |a Shimada, Shuchi 
245 0 |a 100 bí quyết thành công trong cuộc đời 
245 0 |c Shimada Shuchi; Hà Giang dịch 
260 |a Hà Nội 
260 |b Phụ nữ 
260 |c 2000 
650 |a Psychology, applied 
904 |i Minh, 01102002 
980 |a Trung tâm Học liệu Trường Đại học Cần Thơ